000 01557cam a22003254a 4500
001 12508474
003 OSt
005 20160602152514.0
008 010821s2001 vaua b 001 0 eng
010 _a 2001005144
020 _a9780871205940 (alk. paper)
040 _aDLC
_cDLC
_dDLC
042 _apcc
043 _an-us---
050 0 0 _aLB 1576
_b.W6855 2001
082 _aGLT 808.042071
_bW89 2001
100 1 _aWorsham, Sandra,
_d1947-
_922583
245 1 0 _aEssential ingredients :
_brecipes for teaching writing /
_cSandra Worsham.
260 _aAlexandria, Va. :
_bAssociation for Supervision and Curriculum Development,
_c2001
300 _a188 p. :
_bill. ;
_c24 cm.
500 _a"ASCD product no. 101241"--T.p. verso.
504 _aIncludes bibliographical references (p. 180-182) and index.
505 0 _aUnderstanding the way we learn to write -- Getting the classroom atmosphere right for writing -- Prewriting and drafting -- Learning to use the helping circle -- Exploring publishing options -- Creating poetry and having fun with writing -- Making school writing real -- Identifying the secret, essential ingredient.
650 0 _aEnglish language
_xComposition and exercises
_xStudy and teaching
_zUnited States.
_922584
650 0 _aCreative writing
_xStudy and teaching
_zUnited States.
_922585
906 _a7
_bcbc
_corignew
_d1
_eecip
_f20
_gy-gencatlg
942 _2lcc
_cBK
999 _c12571
_d12571